[Event "Mittelfrank Regionalliga Sud-West 2122"]
[Site "Mittelfranken"]
[Date "2022.06.26"]
[Round "3.7"]
[White "Krasotin, Valentin"]
[Black "Vukovic, Fabian"]
[Result "1-0"]
[WhiteElo "1986"]
[BlackElo "1376"]
[PlyCount "59"]
[EventDate "2021.10.24"]
[EventType "team-tourn"]
[EventRounds "9"]
[EventCountry "GER"]
[SourceTitle "EXT 2024"]
[Source "ChessBase"]
[SourceDate "2023.10.10"]
[SourceVersion "1"]
[SourceVersionDate "2023.10.10"]
[SourceQuality "1"]
[WhiteTeam "Garching III"]
[BlackTeam "Augsburg Rochade"]
[WhiteTeamCountry "GER"]
[BlackTeamCountry "GER"]

1. e4 d6 2. d4 Nf6 3. Nc3 g6 4. f4 Bg7 5. Nf3 0-0 6. h3 b6 7. Be3 Bb7 8. Bd3 e6 9. g4 d5 10. e5 Ne4 11. h4 f5 12. Ng5 Qe7 13. h5 Nxg5 14. fxg5 f4 15. Bd2 Ba6 16. Qf3 Bxd3 17. cxd3 Rf7 18. hxg6 hxg6 19. 0-0-0 Nc6 20. Ne2 Raf8 21. Kb1 Na5 22. Rh2 Rd8 23. Rdh1 Kf8 24. Nxf4 Ke8 25. Qe3 Qxg5 26. Rh8+ Bf8 27. Nxe6 Qxe3 28. Bxe3 Rc8 29. Nxf8 Rxf8 30. Rxf8+ 1-0

[Event "Mittelfrank Regionalliga Sud-West 2122"]
[Site "Mittelfranken"]
[Date "2021.10.24"]
[Round "1.6"]
[White "Rampp, Gerhard"]
[Black "Krasotin, Valentin"]
[Result "1-0"]
[WhiteElo "2041"]
[BlackElo "1986"]
[PlyCount "61"]
[EventDate "2021.10.24"]
[EventType "team-tourn"]
[EventRounds "9"]
[EventCountry "GER"]
[SourceTitle "EXT 2024"]
[Source "ChessBase"]
[SourceDate "2023.10.10"]
[SourceVersion "1"]
[SourceVersionDate "2023.10.10"]
[SourceQuality "1"]
[WhiteTeam "Haunstetten II"]
[BlackTeam "Garching III"]
[WhiteTeamCountry "GER"]
[BlackTeamCountry "GER"]

1. Nf3 Nf6 2. c4 g6 3. g3 Bg7 4. Bg2 0-0 5. 0-0 c5 6. d4 cxd4 7. Nxd4 Nc6 8. Nc3 Qb6 9. Nb3 d6 10. Nd5 Nxd5 11. cxd5 Ne5 12. Be3 Qa6 13. Bd4 Bd7 14. h3 Bb5 15. Re1 Rac8 16. Kh2 Rc7 17. f4 Nd7 18. Bxg7 Kxg7 19. a4 Bc4 20. Nd4 Qb6 21. b3 Ba6 22. Qd2 Rcc8 23. Rec1 Rxc1 24. Rxc1 Nc5 25. Qc3 Kg8 26. a5 Qd8 27. b4 Na4 28. Qc7 b6 29. Qxa7 Qa8 30. axb6 Rb8 31. Ra1 1-0

[Event "Forchheim op-B 14th"]
[Site "Forchheim"]
[Date "2015.10.03"]
[Round "3"]
[White "Krasotin, Valentin"]
[Black "Reichel, Guenther"]
[Result "1-0"]
[WhiteElo "1777"]
[BlackElo "1729"]
[PlyCount "79"]
[EventDate "2015.10.02"]
[EventType "swiss"]
[EventRounds "5"]
[EventCountry "GER"]
[SourceTitle "EXT 2019"]
[Source "ChessBase"]
[SourceDate "2018.10.10"]
[SourceVersion "1"]
[SourceVersionDate "2018.10.10"]
[SourceQuality "1"]

1. e4 c5 2. Nf3 d6 3. d4 cxd4 4. Nxd4 Nf6 5. f3 g6 6. Be3 Bg7 7. c4 0-0 8. Nc3 Nc6 9. Qd2 Bd7 10. g4 Qa5 11. Be2 Rfc8 12. Nb3 Qd8 13. Bh6 Bh8 14. g5 Ne8 15. f4 a5 16. 0-0-0 b6 17. Rdf1 a4 18. Na1 Na5 19. f5 Nxc4 20. fxg6 hxg6 21. Bxc4 Rxc4 22. Rf3 Be6 23. Kb1 Rac8 24. Nd5 Rxe4 25. Nc2 Rxc2 26. Kxc2 Rd4 27. Nf6+ Bxf6 28. Qf2 Be5 29. Rf1 Bxa2 30. Rc3 Bb3+ 31. Kb1 Be6 32. h4 Rf4 33. Rf3 Bf5+ 34. Ka2 Rb4 35. Rxf5 Rxb2+ 36. Qxb2 Bxb2 37. Rxf7 Bf6 38. Rf8+ Kh7 39. gxf6 e5 40. f7 1-0

[Event "Mittelfranken-chTB1 1415"]
[Site "Mittelfranken"]
[Date "2015.04.19"]
[Round "9.8"]
[White "Krasotin, Valentin"]
[Black "Hannweber, Markus"]
[Result "1-0"]
[WhiteElo "1855"]
[BlackElo "1865"]
[PlyCount "79"]
[EventDate "2014.09.29"]
[EventType "team-tourn"]
[EventRounds "9"]
[EventCountry "GER"]
[SourceTitle "EXT 2020"]
[Source "ChessBase"]
[SourceDate "2019.10.17"]
[SourceVersion "1"]
[SourceVersionDate "2019.10.17"]
[SourceQuality "1"]
[WhiteTeam "Nuernberg Sued SW III"]
[BlackTeam "Nuernberg SK 1911"]
[WhiteTeamCountry "GER"]
[BlackTeamCountry "GER"]

1. e4 e5 2. Nf3 Nc6 3. Bc4 Bc5 4. c3 d6 5. d4 exd4 6. cxd4 Bb6 7. h3 h6 8. 0-0 Nf6 9. Nc3 0-0 10. Bf4 Ne7 11. e5 dxe5 12. dxe5 Qxd1 13. Raxd1 Nh5 14. Bh2 g5 15. g4 Ng7 16. Ne4 Ne6 17. h4 gxh4 18. Nxh4 Ng5 19. Nf6+ Kg7 20. Kh1 Nh7 21. Nh5+ Kh8 22. f3 a6 23. Rd2 Be3 24. Re2 Bg5 25. Bg3 b5 26. Bd3 c5 27. Be4 Ra7 28. Rh2 Bb7 29. Bxb7 Rxb7 30. Rd1 Rb6 31. Rd6 Rxd6 32. exd6 Nd5 33. Nf5 Ne3 34. Nxe3 Bxe3 35. Re2 Bg5 36. d7 Bd8 37. Re8 Bb6 38. Bd6 Kg8 39. Bxf8 Nxf8 40. d8Q 1-0

[Event "Bayernliga U20 1415"]
[Site "Bayern"]
[Date "2015.03.21"]
[Round "6.5"]
[White "Krasotin, Valentin"]
[Black "Oberhofer, Marie"]
[Result "1-0"]
[WhiteElo "1855"]
[BlackElo "1606"]
[PlyCount "41"]
[EventDate "2014.11.15"]
[EventType "team-tourn"]
[EventRounds "7"]
[EventCountry "GER"]
[SourceTitle "EXT 2022"]
[Source "ChessBase"]
[SourceDate "2021.10.06"]
[SourceVersion "1"]
[SourceVersionDate "2021.10.06"]
[SourceQuality "1"]
[WhiteTeam "Nuernberg Sued SW U20"]
[BlackTeam "Regensburg Bavaria U20"]
[WhiteTeamCountry "GER"]
[BlackTeamCountry "GER"]

1. e4 c5 2. Nf3 d6 3. d4 cxd4 4. Nxd4 Nf6 5. f3 g6 6. Be3 Bg7 7. c4 0-0 8. Qd2 Nc6 9. g4 h5 10. gxh5 Nxh5 11. Nc3 Qa5 12. Be2 Bd7 13. Nb3 Qc7 14. 0-0-0 Be6 15. f4 Nf6 16. Rhg1 Na5 17. Nxa5 Qxa5 18. f5 gxf5 19. Bh6 Ng4 20. Bxg7 Kxg7 21. Qg5+ 1-0

[Event "Bayernliga U20 1415"]
[Site "Bayern"]
[Date "2015.01.24"]
[Round "4.5"]
[White "Krasotin, Valentin"]
[Black "Klenk, Sofie"]
[Result "1-0"]
[WhiteElo "1855"]
[BlackElo "1676"]
[PlyCount "87"]
[EventDate "2014.11.15"]
[EventType "team-tourn"]
[EventRounds "7"]
[EventCountry "GER"]
[SourceTitle "EXT 2022"]
[Source "ChessBase"]
[SourceDate "2021.10.06"]
[SourceVersion "1"]
[SourceVersionDate "2021.10.06"]
[SourceQuality "1"]
[WhiteTeam "Nuernberg Sued SW U20"]
[BlackTeam "Muenchen Tarrasch U20"]
[WhiteTeamCountry "GER"]
[BlackTeamCountry "GER"]

1. e4 c6 2. d4 d5 3. Nc3 dxe4 4. Nxe4 Bf5 5. Ng3 Bg6 6. f4 e6 7. Nf3 Nd7 8. Bd3 Bxd3 9. Qxd3 Bd6 10. 0-0 Ngf6 11. c4 0-0 12. Ng5 h6 13. N5e4 Nxe4 14. Nxe4 Be7 15. b3 Nf6 16. Bb2 Nxe4 17. Qxe4 Bf6 18. Rf3 Qe7 19. g4 c5 20. Rh3 Bh4 21. dxc5 Qxc5+ 22. Bd4 Qe7 23. Kh1 f5 24. gxf5 exf5 25. Qd5+ Kh7 26. Rg1 Rf7 27. Rxh4 Rd8 28. Bc5 Qf6 29. Bd4 Qe7 30. Bxg7 Rxg7 31. Qxf5+ Kg8 32. Rxg7+ Kxg7 33. Rg4+ Kh8 34. Qe5+ Qxe5 35. fxe5 Rd1+ 36. Kg2 Re1 37. Rd4 Rxe5 38. Rd7 Rg5+ 39. Kf3 Ra5 40. Rxb7 Rxa2 41. c5 Rxh2 42. c6 Rh3+ 43. Kg4 Rc3 44. c7 1-0

[Event "Nuremberg Zabo op 16th"]
[Site "Nuremberg"]
[Date "2014.09.20"]
[Round "2"]
[White "Krasotin, Valentin"]
[Black "Weber, Daniel1111"]
[Result "0-1"]
[WhiteElo "1754"]
[BlackElo "2059"]
[PlyCount "66"]
[EventDate "2014.09.19"]
[EventType "swiss"]
[EventRounds "5"]
[EventCountry "GER"]
[SourceTitle "EXT 2018"]
[Source "ChessBase"]
[SourceDate "2017.10.13"]
[SourceVersion "1"]
[SourceVersionDate "2017.10.13"]
[SourceQuality "1"]

1. e4 Nc6 2. d4 d5 3. exd5 Qxd5 4. Nf3 e5 5. Nc3 Bb4 6. Bd2 Bxc3 7. Bxc3 e4 8. Ne5 Nxe5 9. dxe5 Ne7 10. b3 Qc6 11. Qd2 Bf5 12. 0-0-0 Nd5 13. Bb5 Qxb5 14. Qxd5 Qxd5 15. Rxd5 0-0 16. Rhd1 h5 17. e6 Bxe6 18. Rxh5 f5 19. Rg5 Rf7 20. Rg6 Re8 21. h4 Kh7 22. h5 f4 23. g4 b6 24. g5 Bg4 25. Rc6 Rfe7 26. Rh1 e3 27. h6 g6 28. Rc4 Bf3 29. Rh3 Bg2 30. Rh2 exf2 31. Rxf4 f1Q+ 32. Rxf1 Bxf1 33. Rf2 Bh3 0-1

[Event "Seebach op 23rd"]
[Site "Grossenseebach"]
[Date "2012.06.09"]
[Round "6"]
[White "Wagner, Robert"]
[Black "Krasotin, Valentin"]
[Result "1-0"]
[WhiteElo "1801"]
[BlackElo "1616"]
[PlyCount "83"]
[EventDate "2012.06.07"]
[EventType "swiss"]
[EventRounds "7"]
[EventCountry "GER"]
[SourceTitle "EXT 2013"]
[Source "ChessBase"]
[SourceDate "2012.11.22"]
[SourceVersion "1"]
[SourceVersionDate "2012.11.22"]
[SourceQuality "1"]

1. d4 Nf6 2. c4 e6 3. Nf3 c5 4. e3 d5 5. Nc3 Nc6 6. Be2 cxd4 7. Nxd4 dxc4 8. Nxc6 Qxd1+ 9. Kxd1 bxc6 10. Bxc4 g6 11. Ke2 Bg7 12. f3 Nd5 13. Bd2 Rb8 14. Rab1 Nc7 15. b3 Ba6 16. Bxa6 Nxa6 17. Ne4 Ke7 18. Rbc1 Rbc8 19. Rc4 f5 20. Ra4 Nc7 21. Bb4+ Kd8 22. Nd6 Nd5 23. Nxc8 Kxc8 24. Bd2 Kb7 25. Rc4 Rc8 26. Rd1 Nb6 27. Rc2 Rd8 28. Bc3 Rxd1 29. Kxd1 Bxc3 30. Rxc3 Nd5 31. Rd3 Kc7 32. a3 a5 33. g3 Kb6 34. Ke2 Kb5 35. Rd2 a4 36. bxa4+ Kxa4 37. Rc2 Kb5 38. a4+ Kb6 39. a5+ Kc7 40. a6 Nb4 41. a7 Kb7 42. Rc4 1-0

[Event "Seebach op 23rd"]
[Site "Grossenseebach"]
[Date "2012.06.08"]
[Round "3"]
[White "Krasotin, Valentin"]
[Black "Keil, Roland"]
[Result "0-1"]
[WhiteElo "1616"]
[BlackElo "1950"]
[PlyCount "36"]
[EventDate "2012.06.07"]
[EventType "swiss"]
[EventRounds "7"]
[EventCountry "GER"]
[SourceTitle "EXT 2013"]
[Source "ChessBase"]
[SourceDate "2012.11.22"]
[SourceVersion "1"]
[SourceVersionDate "2012.11.22"]
[SourceQuality "1"]

1. e4 c5 2. Nf3 d6 3. d4 cxd4 4. Nxd4 Nf6 5. Nc3 g6 6. Be3 Bg7 7. h3 Nc6 8. f4 0-0 9. g4 Qb6 10. Qd3 Qxb2 11. Rd1 Nb4 12. Qc4 Be6 13. Nxe6 Rfc8 14. Nc7 Nxc2+ 15. Kf2 Nxe3+ 16. Kxe3 Qb6+ 17. Kf3 Rxc7 18. Qd3 Rac8 0-1

[Event "GER-chT U14"]
[Site "Lingen"]
[Date "2011.12.28"]
[Round "4.3"]
[White "Schimnatkowski, Lukas"]
[Black "Krasotin, Valentin"]
[Result "1/2-1/2"]
[WhiteElo "1338"]
[BlackElo "1624"]
[PlyCount "53"]
[EventDate "2011.12.27"]
[EventType "team-swiss"]
[EventRounds "7"]
[EventCountry "GER"]
[SourceTitle "EXT 2022"]
[Source "ChessBase"]
[SourceDate "2021.10.06"]
[SourceVersion "1"]
[SourceVersionDate "2021.10.06"]
[SourceQuality "1"]
[WhiteTeam "Katernberg U14"]
[BlackTeam "Nuernberg Sued SW U14"]
[WhiteTeamCountry "GER"]
[BlackTeamCountry "GER"]

1. e4 e5 2. d4 exd4 3. Nf3 Nc6 4. Bc4 Nf6 5. e5 d5 6. Bb5 Ne4 7. Nxd4 Bd7 8. Bxc6 bxc6 9. 0-0 Be7 10. f3 Ng5 11. f4 Ne6 12. c3 Nxd4 13. cxd4 Qc8 14. Nc3 h5 15. Be3 h4 16. Qf3 Bg4 17. Qf2 h3 18. g3 g6 19. Rac1 Qb7 20. Nd1 Bf5 21. Nc3 Rb8 22. b3 Ba3 23. Rcd1 Bb4 24. Na4 Be4 25. Bd2 Ba3 26. Bc1 Be7 27. Bd2 1/2-1/2

[Event "Nuremberg Zabo op 12th"]
[Site "Nuremberg"]
[Date "2010.09.19"]
[Round "5"]
[White "Gottsmann, Helmut"]
[Black "Krasotin, Valentin"]
[Result "1-0"]
[WhiteElo "1469"]
[BlackElo "1186"]
[PlyCount "35"]
[EventDate "2010.09.17"]
[EventType "swiss"]
[EventRounds "5"]
[EventCountry "GER"]
[SourceTitle "EXT 2011"]
[Source "ChessBase"]
[SourceDate "2010.11.26"]
[SourceVersion "1"]
[SourceVersionDate "2010.11.26"]
[SourceQuality "1"]

1. e4 e5 2. Nf3 Nc6 3. Bc4 Nf6 4. Ng5 Bc5 5. Nxf7 Bxf2+ 6. Kxf2 Nxe4+ 7. Kg1 Qh4 8. g3 Qf6 9. Qe2 d5 10. Bxd5 Nd4 11. Qxe4 Rf8 12. Qxe5+ Qxe5 13. Nxe5 Bh3 14. Bf7+ Rxf7 15. Nxf7 Kxf7 16. Nc3 Ke6 17. d3 Nxc2 18. Rb1 1-0

[Event "Mittelfranken-ch QT 59th"]
[Site "Forchheim"]
[Date "2010.04.02"]
[Round "6"]
[White "Homfeldt, Maren"]
[Black "Krasotin, Valentin"]
[Result "0-1"]
[WhiteElo "810"]
[BlackElo "1265"]
[PlyCount "114"]
[EventDate "2010.03.31"]
[EventType "swiss"]
[EventRounds "7"]
[EventCountry "GER"]
[SourceTitle "EXT 2011"]
[Source "ChessBase"]
[SourceDate "2010.11.26"]
[SourceVersion "1"]
[SourceVersionDate "2010.11.26"]
[SourceQuality "1"]

1. d4 d5 2. f4 Bf5 3. c3 e6 4. e3 Nf6 5. Bd3 Ne4 6. Qe2 Qh4+ 7. g3 Nxg3 8. Qf2 Bxd3 9. Qxg3 Qxg3+ 10. hxg3 Bxb1 11. Rxb1 Nd7 12. Nf3 Be7 13. Bd2 c5 14. dxc5 Nxc5 15. Ke2 Ne4 16. Be1 0-0 17. Bf2 f6 18. Rbc1 e5 19. f5 Rfd8 20. Nd2 Nc5 21. c4 e4 22. cxd5 Rxd5 23. g4 Rad8 24. Rc2 g6 25. b4 Nd3 26. Nxe4 Nxf2 27. Nxf2 gxf5 28. gxf5 Bxb4 29. Rg1+ Kh8 30. Rd1 Rxd1 31. Nxd1 Ba5 32. Nf2 Rd5 33. e4 Re5 34. Kf3 Bb6 35. Ng4 Ra5 36. Nxf6 Ra3+ 37. Kg4 Kg7 38. Nh5+ Kf7 39. Kg5 Bd8+ 40. f6 Ra5+ 41. Kh6 Ke6 42. Rd2 Bxf6 43. Nxf6 Kxf6 44. Kxh7 Rh5+ 45. Kg8 Re5 46. Rd6+ Re6 47. Rxe6+ Kxe6 48. Kf8 b5 49. Ke8 b4 50. Kd8 Kd6 51. Kc8 Kc6 52. e5 a5 53. e6 Kd6 54. Kb7 a4 55. Kb6 b3 56. e7 Kxe7 57. axb3 axb3 0-1